000 01067nam a2200229Ii 4500
003 JO-AjNU
008 230605s9999||||xx |||||||||||||| ||und||
017 _a3189/8/2011
020 _a978-9957-079-61-1
040 _aJO-AjNU
_bara
_erda
_cJO-AjNU
041 _aara
050 1 4 _aD59.T3712.2014
100 3 _aسيفا ف.ك، ديكانوف واخرون، م.مشارك ماسون غ.م. ياكوبسون ف.أ، م.مشارك كوشناريفاك.خ؛ ترجمة محمد العلامي، مراجعة خلقي خنفر,
_eauthor
_960132
245 0 0 _aتاريخ الشرق القديم: نشوء المجتمعات الطبقية القديمة والمواطن الاولى الحضارات العبودية
250 _aط2
264 3 1 _aعمان: دار الفكر ناشرون وموزعون، 2014
300 _a560ص
_b ويحتوي على صور توضيحيه وببلوغرافيا
336 _atext
_btxt
_2rdacontent
337 _aunmediated
_bn
_2rdamedia
338 _avolume
_bnc
_2rdacarrier
650 4 _aالتاريخ القديم
_960133
999 _aA27099
_c30667
_d30667